[Event "ECU-ch U16"]
[Site "Guayaquil"]
[Date "2019.04.17"]
[Round "1"]
[White "Laica Chiguano, Ronal Paul"]
[Black "Velasco Pilpe, Isaias"]
[Result "0-1"]
[WhiteElo "1051"]
[BlackElo "1543"]
[PlyCount "54"]
[EventDate "2019.04.17"]
[EventType "swiss"]
[EventRounds "9"]
[EventCountry "ECU"]
[SourceTitle "CBM 190 Extra"]
[Source "ChessBase"]
[SourceDate "2019.07.15"]
[SourceVersion "1"]
[SourceVersionDate "2019.07.15"]
[SourceQuality "1"]

1. d4 c5 2. Nf3 cxd4 3. Nxd4 g6 4. Bf4 Bg7 5. Nb5 d6 6. c3 Nc6 7. e3 Nf6 8. Nd2 0-0 9. Be2 Bd7 10. 0-0 a6 11. Nd4 Rc8 12. Qb3 Na5 13. Qc2 e5 14. Bg3 exd4 15. exd4 Bf5 16. Bd3 Bxd3 17. Qxd3 b5 18. Rfe1 Nc4 19. Nxc4 bxc4 20. Qc2 Nh5 21. Re3 Nxg3 22. Rxg3 Re8 23. f4 Qe7 24. Kf2 Qe4 25. Qd2 Rb8 26. Re3 Qxf4+ 27. Kg1 Qxe3+ 0-1